LEADER 03747nam 2200685Ia 450 001 9910451416003321 005 20200520144314.0 010 $a1-134-21508-8 010 $a1-281-10221-0 010 $a9786611102210 010 $a0-203-93240-4 035 $a(CKB)1000000000411411 035 $a(EBL)325498 035 $a(OCoLC)309894133 035 $a(SSID)ssj0000120134 035 $a(PQKBManifestationID)11130297 035 $a(PQKBTitleCode)TC0000120134 035 $a(PQKBWorkID)10081114 035 $a(PQKB)11721731 035 $a(MiAaPQ)EBC325498 035 $a(Au-PeEL)EBL325498 035 $a(CaPaEBR)ebr10205155 035 $a(CaONFJC)MIL110221 035 $a(OCoLC)935267338 035 $a(EXLCZ)991000000000411411 100 $a20070803d2008 uy 0 101 0 $aeng 135 $aur|n|---||||| 181 $ctxt 182 $cc 183 $acr 200 00$aCharity and mutual aid in Europe and North America since 1800$b[electronic resource] /$fedited by Bernard Harris and Paul Bridgen 210 $aNew York ;$aLondon $cRoutledge$d2008 215 $a1 online resource (259 p.) 225 1 $aRoutledge studies in modern history 300 $aDescription based upon print version of record. 311 $a0-415-54105-0 311 $a0-415-36559-7 320 $aIncludes bibliographical references and index. 327 $aBook Cover; Title; Copyright; Contents; List of Tables; 1 Introduction: The "Mixed Economy of Welfare" and the Historiography of Welfare Provision; 2 Charity and Poor Relief in England and Wales, Circa 1750-1914; 3 The Mixed Moral Economy of Welfare: European Perspectives; 4 Supporting Self-Help: Charity, Mutuality, and Reciprocity in Nineteenth-Century Britain; 5 Historical Welfare Economics in the Nineteenth Century: Mutual Aid and Private Insurance for Burial, Sickness, Old Age, Widowhood, and Unemployment in the Netherlands 327 $a6 Welfare-State Formation in Scandinavia: The Political Significance of Third-Sector Organisations for the Emergence of Sickness-Insurance Programs in Norway and Sweden7 Housing Charities and the Provision of Social Housing in Germany and the United States of America, Great Britain, and Canada in the Nineteenth Century; 8 "New Alignments": American Voluntarism and the Expansion of Welfare in the 1920s; 9 Voluntary Failure, the Middle Classes, and the Nationalisation of the British Voluntary Hospitals, 1900-1946; Contributors; Index 330 $aInternational in perspective, the essays in this volume are primarily concerned with two facets of the mixed economy of welfare--charity and mutual aid. Emphasizing the close relationship between these two elements and the often blurred boundaries between each of them and commercial provision, contributors raise crucial questions about the relationship between rights and responsibilities within the mixed economy of welfare and the ties which bind both the donors and recipients of charity and the members of voluntary organisations. The volume critically assesses the relationships between the 410 0$aRoutledge studies in modern history. 606 $aPublic welfare$xHistory 606 $aWelfare economics 606 $aPublic welfare administration 608 $aElectronic books. 615 0$aPublic welfare$xHistory. 615 0$aWelfare economics. 615 0$aPublic welfare administration. 676 $a361.7094 701 $aHarris$b Bernard$f1961-$0312143 701 $aBridgen$b Paul$0850061 801 0$bMiAaPQ 801 1$bMiAaPQ 801 2$bMiAaPQ 906 $aBOOK 912 $a9910451416003321 996 $aCharity and mutual aid in Europe and North America since 1800$91898233 997 $aUNINA LEADER 01123nam--2200349---450 001 990000806700203316 005 20230414134544.0 010 $a978-0-387-95241-3 100 $a20011211d2001----km-y0ITAy0103-------ba 101 0 $aENG 102 $aUS 200 1 $aAlgebraic graph theory$fChris Godsil, Gordon Royle 210 $aNew York [etc.]$cSpringer-Verlag$dcopyr. 2001 215 $aXIX, 439 p.$cill.$d20 cm 225 $aGraduate texts in mathematics$v207 410 $1001990003153470203316$12001$aGraduate texts in mathematics$v207 610 1 $aTeoria dei grafi 676 $a511.5 700 1$aGODSIL,$bChris$041834 701 1$aROYLE,$bGordon$066089 801 0$aITA$bCBS$gISBD 912 $a990000806700203316 951 $a510 GTM 207$b0025567 CBS$c510$d00104870 951 $a510 GTM 207$b41326 Sci.$c510$d00337313 951 $a510 GTM 207$b26877 CBS$c510$d00111992 959 $aBK 969 $aSCI 979 $aALANDI$b90$c20011211$lUSA01$h1024 979 $c20020403$lUSA01$h1727 979 $aPATRY$b90$c20040406$lUSA01$h1655 996 $aAlgebraic graph theory$9103386 997 $aUNISA